000 00328nam a2200133 a 4500
005 20140414131918.0
008 101020s19uu xx 00 eng d
050 _aER
_bL72 1989
100 _aMost, Bernard
245 _aThe littlest dinosaurs.
260 _bVoyager book,
_c1989.
_aSan Diego :
440 _a
999 _c111584
_d111584